|
|
|
|
| LEADER |
00763nam a2200157Ia 4500 |
| 001 |
TDMU_36251 |
| 008 |
210410s9999 xx 000 0 und d |
| 082 |
|
|
|a 338.9
|
| 100 |
|
|
|a Vũ, Việt Hằng
|
| 245 |
|
0 |
|a Các yếu tố ảnh hưởng đến ý định mua thực phẩm nhãn hàng riêng Co.opmart tại thành phố Hồ Chí Minh
|
| 245 |
|
0 |
|c Vũ Việt Hằng; Nguyễn Trọng Khiêm
|
| 300 |
|
|
|a Tr.182-187
|
| 650 |
|
|
|a Kinh tế; Ý định mua; Thực phẩm; Siêu thị Co.opmart; Thành phố Hồ Chí Minh
|
| 700 |
|
|
|a Nguyễn, Trọng Khiêm
|
| 856 |
|
|
|u http://lrc.tdmu.edu.vn/opac/search/detail.asp?aID=2&ID=36251
|
| 980 |
|
|
|a Trung tâm Học liệu Trường Đại học Thủ Dầu Một
|